000 00436nam a2200145Ia 4500
003 OSt
005 20260227100852.0
008 211028s2019 xx 000 0 und d
040 _cAIMIT LIBRARY
041 _aeng
100 _aPadder, Shahid Majeed; Thomas, Babu.
_g1716177
_98151
245 _aCustomer perception towards Jammu and Kashmir Bank ltd. Anantnag Kashmir /
260 _aMangalore
_bRajani Suresh
_c2019
942 _2ddc
_cPRO
999 _c219719
_d219719